Ricostruisci la Carriera del Calciatore - Mario Mandžukić - Statistics

Statistiche generali
  • Questo quiz è stato fatto 26 volte
  • Il punteggio medio è 5 su 9
Statistiche sulle risposte
Hint Risposta % Corretto
2015-2019 Juventus
77%
2007-2010 Dinamo Zagabria
69%
2005-2007 NK Zagabria
69%
2020 Al-Duhail
62%
2004-2005 Marsonia
54%
2010-2012 Wolfsburg
54%
2012-2014 Bayern Monaco
46%
2021 Milan
46%
2014-2015 Atlético Madrid
38%
Nessun quiz corrispondente trovato
Distribuzione punteggi
Percentuale di utenti per punteggio
Percentile per numero di risposta
I tuoi punteggi nel tempo
Non hai fatto questo quiz